[Event "Rated Blitz game"]
[Site "?"]
[Date "2021.03.19"]
[Round "?"]
[White "Federicov93"]
[Black "Dr_Durkenstein"]
[Result "0-1"]
[WhiteElo "2834"]
[BlackElo "2641"]
[PlyCount "60"]
[EventDate "2021.??.??"]
[EventType "blitz"]
[TimeControl "180"]

1. e4 e5 2. Nf3 Nc6 3. Nc3 Nf6 4. Nxe5 Nxe5 5. d4 Nc6 6. d5 Ne5 7. f4 Ng6 8. e5
Ng8 9. d6 cxd6 10. exd6 Qf6 11. Nb5 Kd8 12. Be3 Nh6 13. Qd2 b6 14. f5 Qxf5 15.
O-O-O Ng4 16. Re1 Nxe3 17. Rxe3 Bb7 18. Bd3 Qc5 19. Bxg6 Qxb5 20. Bxf7 Bxd6 21.
Qxd6 Qc5 22. Qg3 Bc6 23. Rhe1 Kc8 24. Rc3 Qd4 25. Rd1 Qf6 26. Bd5 Re8 27. Bxc6
dxc6 28. b3 Rd8 29. Re1 Kb7 30. Rf3 Qa1# {Normal} 0-1

[Event "Rated Blitz game"]
[Site "?"]
[Date "2021.03.19"]
[Round "?"]
[White "maximsnigurov"]
[Black "Beta99"]
[Result "1-0"]
[WhiteElo "2578"]
[BlackElo "2549"]
[PlyCount "45"]
[EventDate "2021.??.??"]
[EventType "blitz"]
[TimeControl "180"]

1. e4 e5 2. Nf3 Nc6 3. Nc3 Nf6 4. Nxe5 Nxe5 5. d4 Ng6 6. e5 Bb4 7. exf6 Qxf6 8.
Qe2+ Kd8 9. Be3 d5 10. O-O-O c6 11. Qd2 h6 12. Kb1 Re8 13. Nxd5 Bxd2 14. Nxf6
Rxe3 15. fxe3 Bxe3 16. Ne4 Kc7 17. Be2 Nf4 18. Bf3 Bf5 19. Rhe1 Nd5 20. c4 Nf6
21. Rxe3 Re8 22. Rde1 g5 23. Kc1 {Normal} 1-0

[Event "Rated Blitz game"]
[Site "?"]
[Date "2021.03.18"]
[Round "?"]
[White "Ebuhurejra"]
[Black "Trickystuff1"]
[Result "0-1"]
[WhiteElo "2443"]
[BlackElo "2601"]
[PlyCount "46"]
[EventDate "2021.??.??"]
[EventType "blitz"]
[TimeControl "180"]

1. e4 e5 2. Nf3 Nc6 3. Nc3 Nf6 4. Nxe5 Nxe5 5. d4 Ng6 6. e5 Ng8 7. Bc4 d5 8.
Bxd5 c6 9. Bc4 Be6 10. Be2 Qd7 11. O-O O-O-O 12. Be3 N8e7 13. Ne4 Nf5 14. c3
Be7 15. Qd2 Bd5 16. Ng3 Nxe3 17. Qxe3 f6 18. f4 Nh4 19. Ne4 f5 20. Nd2 Nxg2 21.
Qf2 g5 22. c4 Nxf4 23. cxd5 Nh3+ {Normal} 0-1

[Event "Rated Blitz game"]
[Site "?"]
[Date "2021.03.18"]
[Round "?"]
[White "Fermatslastblunder"]
[Black "uriberto"]
[Result "1-0"]
[WhiteElo "2449"]
[BlackElo "2438"]
[PlyCount "89"]
[EventDate "2021.??.??"]
[EventType "blitz"]
[TimeControl "300"]

1. e4 e5 2. Nf3 Nf6 3. Nc3 Nc6 4. Nxe5 Nxe5 5. d4 Ng6 6. e5 Ng8 7. Bc4 d5 8.
Bxd5 c6 9. Bb3 Bb4 10. O-O Bxc3 11. bxc3 N8e7 12. f4 h5 13. Ba3 Bf5 14. c4 Qa5
15. Bb2 Rd8 16. Qf3 Nf8 17. Bc3 Qb6 18. Kh1 Bg4 19. Qe4 Ne6 20. c5 Qa6 21. f5
Nxf5 22. Rxf5 Bxf5 23. Qxf5 O-O 24. Rd1 Qe2 25. Qf3 Qxf3 26. gxf3 Nc7 27. Bb2
Rd7 28. c3 Re8 29. f4 g6 30. Kg2 Ne6 31. Kf3 Ng7 32. Rg1 Nf5 33. Ke4 Kh7 34.
Bc2 Ne7 35. Bb3 Nd5 36. Rg3 f5+ 37. Kf3 Rg8 38. Rg1 Kh6 39. c4 Ne7 40. Rd1 Rgd8
41. Ke3 g5 42. fxg5+ Kxg5 43. Rg1+ Kh6 44. e6 Rc7 45. Kf4 {Time forfeit} 1-0

[Event "Rated Blitz game"]
[Site "?"]
[Date "2021.03.17"]
[Round "?"]
[White "highway_star"]
[Black "pjotrskolasa"]
[Result "0-1"]
[WhiteElo "2338"]
[BlackElo "2406"]
[PlyCount "38"]
[EventDate "2021.??.??"]
[EventType "blitz"]
[TimeControl "180"]

1. e4 e5 2. Nf3 Nc6 3. Nc3 Nf6 4. Nxe5 Nxe5 5. d4 Ng6 6. e5 Ng8 7. Bc4 d6 8.
Qf3 f6 9. O-O dxe5 10. Re1 Qxd4 11. Bb5+ c6 12. Bxc6+ bxc6 13. Qxc6+ Qd7 14.
Qxa8 Qb7 15. Qxb7 Bxb7 16. f4 Bc5+ 17. Kf1 N8e7 18. fxe5 Nxe5 19. Ne4 Ba6+ {
Normal} 0-1

[Event "Rated Blitz game"]
[Site "?"]
[Date "2021.03.17"]
[Round "?"]
[White "EricRosen"]
[Black "TheWolfSpur"]
[Result "1-0"]
[WhiteElo "2518"]
[BlackElo "2336"]
[PlyCount "49"]
[EventDate "2021.??.??"]
[EventType "blitz"]
[TimeControl "180"]

1. e4 e5 2. Nf3 Nc6 3. Nc3 Nf6 4. Nxe5 Nxe5 5. d4 Nc6 6. e5 Ng8 7. Bc4 d5 8.
Bxd5 Nge7 9. Bxc6+ Nxc6 10. Be3 Bb4 11. O-O Bxc3 12. bxc3 Be6 13. f4 g6 14. Qd3
Qd5 15. Rab1 O-O 16. Rb5 Qxa2 17. d5 Bf5 18. Qd2 a6 19. Rxb7 Ne7 20. Rd1 Rfd8
21. d6 Nc6 22. Rxc7 Na5 23. h3 Nc4 24. Qd5 Qxc2 25. Qxf7+ {Normal} 1-0

[Event "Rated Blitz game"]
[Site "?"]
[Date "2021.03.17"]
[Round "?"]
[White "Vihajaisestatulesta"]
[Black "stvngrnrt"]
[Result "0-1"]
[WhiteElo "2387"]
[BlackElo "2491"]
[PlyCount "100"]
[EventDate "2021.??.??"]
[EventType "blitz"]
[TimeControl "180"]

1. e4 e5 2. Nf3 Nc6 3. Nc3 Nf6 4. Nxe5 Nxe5 5. d4 Ng6 6. e5 Ng8 7. Bc4 Bb4 8.
Qf3 Qe7 9. O-O Bxc3 10. bxc3 Nh6 11. a4 O-O 12. Ba3 d6 13. exd6 cxd6 14. Rfe1
Qc7 15. Bb3 Bg4 16. Qg3 Rad8 17. h3 Be6 18. d5 Bc8 19. c4 Nf5 20. Qd3 Ne5 21.
Rxe5 dxe5 22. Bxf8 Kxf8 23. Re1 g6 24. Qd2 b6 25. a5 Kg8 26. axb6 axb6 27. c3
Re8 28. f4 e4 29. Kh2 e3 30. d6 Qxd6 31. Qxd6 Nxd6 32. Kg3 Ne4+ 33. Kf3 Nc5 34.
Bc2 Bb7+ 35. Ke2 Bxg2 36. h4 Bh3 37. Rg1 Kf8 38. Rg3 Be6 39. Rxe3 Bxc4+ 40. Kf3
Rxe3+ 41. Kxe3 Ke7 42. Kd4 Be6 43. Ke5 f6+ 44. Kd4 Kd6 45. h5 gxh5 46. Bxh7 f5
47. c4 h4 48. Bg6 h3 49. Bh5 h2 50. Bf3 Bd7 {Normal} 0-1

[Event "Rated Blitz game"]
[Site "?"]
[Date "2021.03.17"]
[Round "?"]
[White "PurgeDota"]
[Black "MasterTol"]
[Result "1/2-1/2"]
[WhiteElo "2253"]
[BlackElo "2426"]
[PlyCount "123"]
[EventDate "2021.??.??"]
[EventType "blitz"]
[TimeControl "180"]

1. e4 e5 2. Nf3 Nc6 3. Nc3 Nf6 4. Nxe5 Nxe5 5. d4 Ng6 6. e5 Bb4 7. exf6 Qxf6 8.
Qe2+ Kd8 9. Be3 Nf4 10. Qd2 Nd5 11. Bc4 Nxe3 12. fxe3 c6 13. Rf1 Qh4+ 14. g3
Qh6 15. Bxf7 d5 16. e4 Bh3 17. Qxh6 gxh6 18. Rf4 dxe4 19. Rxe4 Rf8 20. Bc4 Bg2
21. Rf4 Kd7 22. O-O-O Rxf4 23. gxf4 Bd6 24. f5 Bxh2 25. Be6+ Kd6 26. Kb1 Bd5
27. Nxd5 cxd5 28. Rh1 Bf4 29. c3 Bg5 30. Kc2 b6 31. Kd3 a5 32. Re1 Re8 33. Re2
h5 34. Bf7 Rxe2 35. Kxe2 h4 36. Kf3 h6 37. Kg4 b5 38. b3 Kc6 39. Be8+ Kd6 40.
Bxb5 Ke7 41. c4 Kd6 42. c5+ Kc7 43. Be8 Kc8 44. Bb5 Kc7 45. Bf1 Kc8 46. Kh5 Kc7
47. Kg6 Kc6 48. Bh3 Kd7 49. f6+ Ke8 50. f7+ Kf8 51. Be6 Be3 52. Bxd5 Bxd4 53.
Bh1 Bxc5 54. a3 Be7 55. b4 axb4 56. axb4 Bxb4 57. Bg2 Be7 58. Bh3 Bf6 59. Bg4
Be7 60. Bh3 Bf6 61. Bg4 Be7 62. Bh3 {Normal} 1/2-1/2

[Event "Rated Blitz game"]
[Site "?"]
[Date "2021.03.16"]
[Round "?"]
[White "Ebuhurejra"]
[Black "Vladfx3"]
[Result "0-1"]
[WhiteElo "2419"]
[BlackElo "2444"]
[PlyCount "70"]
[EventDate "2021.??.??"]
[EventType "blitz"]
[TimeControl "180"]

1. e4 e5 2. Nf3 Nc6 3. Nc3 Nf6 4. Nxe5 Nxe5 5. d4 Ng6 6. e5 Ng8 7. Bc4 d5 8.
Bxd5 Be6 9. Bxb7 Rb8 10. Bc6+ Bd7 11. Be4 Bb4 12. O-O N8e7 13. f4 Bf5 14. Qd3
Bxc3 15. bxc3 Bxe4 16. Qxe4 Qd5 17. Qd3 O-O 18. f5 Nh4 19. Rf2 Nhxf5 20. Rxf5
Nxf5 21. Qxf5 Rb6 22. Ba3 Rg6 23. Qf2 Rb8 24. Bc5 a6 25. a3 Rb2 26. Re1 h6 27.
h3 Qa2 28. Re2 Rb1+ 29. Kh2 Qa1 30. g4 Qxc3 31. e6 fxe6 32. h4 Rxg4 33. Rxe6
Rh1+ 34. Kxh1 Qh3+ 35. Qh2 Qf3+ {Normal} 0-1

[Event "Rated Blitz tournament 9McTbUq7"]
[Site "?"]
[Date "2021.03.16"]
[Round "?"]
[White "bubeliang"]
[Black "Ward-Tsh"]
[Result "0-1"]
[WhiteElo "2312"]
[BlackElo "2440"]
[PlyCount "56"]
[EventDate "2021.??.??"]
[EventType "blitz"]
[TimeControl "180+2"]

1. e4 e5 2. Nf3 Nf6 3. Nc3 Nc6 4. Nxe5 Nxe5 5. d4 Ng6 6. e5 Ng8 7. Bc4 Bb4 8.
O-O N8e7 9. Ne4 d5 10. exd6 Bxd6 11. Bxf7+ Kxf7 12. Ng5+ Ke8 13. h4 Bf5 14. h5
Nf4 15. Qf3 h6 16. Bxf4 Bxf4 17. Qxf4 hxg5 18. Qxg5 Qd6 19. Rae1 Qf6 20. Qf4
Kf7 21. g4 Bxc2 22. Qg3 Rad8 23. Re3 Kg8 24. Qxc7 Nd5 25. Qxc2 Nxe3 26. fxe3
Qe6 27. Qe2 Rxd4 28. g5 Qg4+ {Normal} 0-1

[Event "Rated Blitz game"]
[Site "?"]
[Date "2021.03.16"]
[Round "?"]
[White "DynamoTresen"]
[Black "enchantress13"]
[Result "0-1"]
[WhiteElo "2493"]
[BlackElo "2411"]
[PlyCount "92"]
[EventDate "2021.??.??"]
[EventType "blitz"]
[TimeControl "180"]

1. e4 e5 2. Nf3 Nc6 3. Nc3 Nf6 4. Nxe5 Nxe5 5. d4 Nc6 6. d5 Ne5 7. f4 Ng6 8. e5
Bb4 9. Bc4 O-O 10. O-O Bxc3 11. bxc3 Ne4 12. Qd4 f5 13. d6+ Kh8 14. Ba3 cxd6
15. exd6 b5 16. Bd5 Rb8 17. c4 bxc4 18. Rab1 Rxb1 19. Rxb1 Qh4 20. g3 Nxg3 21.
hxg3 Qxg3+ 22. Kf1 Nxf4 23. Bb2 c3 24. Bxc3 Ba6+ 25. Bc4 Bxc4+ 26. Qxc4 Qg2+
27. Ke1 Re8+ 28. Kd1 Qg1+ 29. Kd2 Qf2+ 30. Kc1 Ne2+ 31. Kb2 Qb6+ 32. Qb3 Qxd6
33. Ka1 Nxc3 34. Qxc3 Qf6 35. Qxf6 gxf6 36. Rf1 Re5 37. Kb2 Kg7 38. Kc3 Kg6 39.
Kd4 Kg5 40. Rh1 h5 41. Rg1+ Kh6 42. Rh1 f4 43. Rf1 Kg5 44. Rg1+ Kf5 45. Rg7 f3
46. Kd3 f2 {Normal} 0-1

[Event "Rated Blitz game"]
[Site "?"]
[Date "2021.03.16"]
[Round "?"]
[White "Ebuhurejra"]
[Black "OlegMatveev"]
[Result "1-0"]
[WhiteElo "2430"]
[BlackElo "2390"]
[PlyCount "23"]
[EventDate "2021.??.??"]
[EventType "blitz"]
[TimeControl "180"]

1. e4 e5 2. Nf3 Nc6 3. Nc3 Nf6 4. Nxe5 Nxe5 5. d4 Ng6 6. e5 Ng8 7. Bc4 d5 8.
Bxd5 c6 9. Bb3 Be6 10. Ne4 N8e7 11. Nd6+ Kd7 12. Nxf7 {Time forfeit} 1-0

[Event "Rated Blitz game"]
[Site "?"]
[Date "2021.03.16"]
[Round "?"]
[White "RoyalChessyoutube"]
[Black "Pri_sachu"]
[Result "0-1"]
[WhiteElo "2307"]
[BlackElo "2443"]
[PlyCount "48"]
[EventDate "2021.??.??"]
[EventType "blitz"]
[TimeControl "180+2"]

1. e4 e5 2. Nf3 Nc6 3. Nc3 Nf6 4. Nxe5 Nxe5 5. d4 Ng6 6. e5 Ng8 7. f4 d5 8. Bd3
Bb4 9. O-O Bxc3 10. bxc3 f5 11. Qh5 N8e7 12. g4 O-O 13. g5 Be6 14. Rf3 b6 15.
Rh3 c5 16. dxc5 bxc5 17. Ba3 Qa5 18. Rb1 Qxa3 19. c4 Rab8 20. Rf1 Qxa2 21.
Qxh7+ Kf7 22. Qh5 dxc4 23. Be2 Qxc2 24. Qf3 Rb3 {Normal} 0-1

[Event "Rated Blitz game"]
[Site "?"]
[Date "2021.03.16"]
[Round "?"]
[White "RoyalChessyoutube"]
[Black "Pri_sachu"]
[Result "1/2-1/2"]
[WhiteElo "2314"]
[BlackElo "2435"]
[PlyCount "54"]
[EventDate "2021.??.??"]
[EventType "blitz"]
[TimeControl "300+2"]

1. e4 e5 2. Nf3 Nc6 3. Nc3 Nf6 4. Nxe5 Nxe5 5. d4 Ng6 6. e5 Ng8 7. f4 d5 8. Bd3
Bb4 9. O-O Bxc3 10. bxc3 f5 11. g4 N8e7 12. g5 Be6 13. Rb1 b6 14. Ba6 c5 15. h4
h5 16. Be2 cxd4 17. cxd4 Rc8 18. Rf2 Qc7 19. Rh2 Kf7 20. Bxh5 Qc3 21. Rb3 Qa1
22. a4 Rxh5 23. Ra3 Qb1 24. Rb3 Qa2 25. Ra3 Qb1 26. Rb3 Qa1 27. Ra3 Qb1 {Normal
} 1/2-1/2

[Event "Rated Blitz game"]
[Site "?"]
[Date "2021.03.15"]
[Round "?"]
[White "PusheenMeow"]
[Black "sanu18"]
[Result "1-0"]
[WhiteElo "2401"]
[BlackElo "2333"]
[PlyCount "49"]
[EventDate "2021.??.??"]
[EventType "blitz"]
[TimeControl "180"]

1. e4 e5 2. Nf3 Nc6 3. Nc3 Nf6 4. Nxe5 Nxe5 5. d4 Nc6 6. e5 d5 7. exf6 Qxf6 8.
Bb5 Be6 9. O-O O-O-O 10. Bxc6 bxc6 11. Qd3 Bd6 12. Qa6+ Kd7 13. Re1 Qh4 14. g3
Qh3 15. Bg5 Rde8 16. Ne2 h6 17. Bf4 Bg4 18. Bxd6 Rxe2 19. Rxe2 Bf3 20. Re7+ Kd8
21. Qf1 Qxf1+ 22. Kxf1 cxd6 23. Rxf7 Be4 24. Rxa7 Bxc2 25. Ra8+ {Normal} 1-0

[Event "Rated Blitz game"]
[Site "?"]
[Date "2021.03.15"]
[Round "?"]
[White "maliRadojica"]
[Black "Lupus_clamat"]
[Result "0-1"]
[WhiteElo "2414"]
[BlackElo "2384"]
[PlyCount "62"]
[EventDate "2021.??.??"]
[EventType "blitz"]
[TimeControl "300"]

1. e4 e5 2. Nf3 Nc6 3. Nc3 Nf6 4. Nxe5 Nxe5 5. d4 Nc6 6. d5 Bb4 7. dxc6 Nxe4 8.
Qd4 Qe7 9. Be2 O-O 10. O-O Nxc3 11. bxc3 Bc5 12. cxb7 Bxb7 13. Qg4 Rfe8 14. Bd3
Qf6 15. Be3 Bxe3 16. fxe3 Qh6 17. Qxd7 Qxe3+ 18. Kh1 Re7 19. Qf5 g6 20. Qb5 c5
21. Rae1 Qxe1 22. Rxe1 Rxe1+ 23. Bf1 Be4 24. h3 h5 25. Kh2 Rd8 26. Bc4 Kg7 27.
Qxc5 Rd2 28. Qe5+ Kh7 29. Bf1 Rf2 30. c4 Rfxf1 31. c5 h4 {Normal} 0-1

[Event "Rated Blitz game"]
[Site "?"]
[Date "2021.03.15"]
[Round "?"]
[White "kahvitauko"]
[Black "DudeMediocre"]
[Result "1-0"]
[WhiteElo "2382"]
[BlackElo "2435"]
[PlyCount "139"]
[EventDate "2021.??.??"]
[EventType "blitz"]
[TimeControl "180"]

1. e4 e5 2. Nf3 Nf6 3. Nc3 Nc6 4. Nxe5 Nxe5 5. d4 Ng6 6. e5 Ng8 7. Bc4 d6 8.
Qf3 Be6 9. Qxb7 dxe5 10. Qc6+ Bd7 11. Qd5 Be6 12. Bb5+ Ke7 13. Qc5+ Kf6 14.
dxe5+ Nxe5 15. Ne4+ Kf5 16. Ng3+ Kf6 17. Bg5+ Kxg5 18. Qxe5+ f5 19. Ne4+ Kg6
20. Qxe6+ Nf6 21. Nxf6 gxf6 22. O-O Bd6 23. Bd3 Kg7 24. Qxf5 Rb8 25. Rae1 Rxb2
26. Re4 h5 27. Re6 Rh6 28. Rfe1 Rb4 29. h3 Rf4 30. Qb5 Qf8 31. Re8 Qf7 32. Bf5
a6 33. Qd7 Qxd7 34. Bxd7 Rg6 35. Be6 Bc5 36. Re2 f5 37. Rg8+ Kf6 38. Rxg6+ Kxg6
39. g3 Rb4 40. Kg2 Kf6 41. Bb3 a5 42. a4 Bd6 43. f3 c5 44. Re6+ Kg7 45. Rxd6 c4
46. Bxc4 Rxc4 47. Rd5 Rxc2+ 48. Kf1 Rc3 49. Rxf5 Kg6 50. g4 hxg4 51. hxg4 Ra3
52. Rxa5 Rxf3+ 53. Kg2 Ra3 54. Ra6+ Kg5 55. Ra8 Kxg4 56. a5 Kg5 57. a6 Kg6 58.
Kf2 Kf7 59. Ke2 Kg7 60. Kd2 Kf7 61. Kc2 Kg7 62. Kb2 Ra5 63. Kb3 Ra1 64. Kb4 Kf7
65. Kb5 Kg7 66. Kb6 Kh7 67. Ka7 Rb1 68. Rb8 Kg6 69. Rxb1 Kf7 70. Kb7 {Normal}
1-0

[Event "Rated Blitz game"]
[Site "?"]
[Date "2021.03.14"]
[Round "?"]
[White "highway_star"]
[Black "jeromeovich"]
[Result "0-1"]
[WhiteElo "2375"]
[BlackElo "2475"]
[PlyCount "36"]
[EventDate "2021.??.??"]
[EventType "blitz"]
[TimeControl "180"]

1. e4 e5 2. Nf3 Nc6 3. Nc3 Nf6 4. Nxe5 Nxe5 5. d4 Ng6 6. e5 Bb4 7. exf6 Qxf6 8.
Be3 O-O 9. Bc4 c6 10. O-O d5 11. Bd3 Bd7 12. Ne2 Bd6 13. c3 Rae8 14. Qd2 h6 15.
Rae1 Nh4 16. Bc2 Bh3 17. Qd3 g6 18. gxh3 Qf3 {Normal} 0-1

[Event "Rated Blitz tournament WoUoFPco"]
[Site "?"]
[Date "2021.03.14"]
[Round "?"]
[White "Starinov"]
[Black "John_Lokk"]
[Result "1-0"]
[WhiteElo "2444"]
[BlackElo "2252"]
[PlyCount "129"]
[EventDate "2021.??.??"]
[EventType "blitz"]
[TimeControl "180"]

1. e4 e5 2. Nf3 Nc6 3. Nc3 Nf6 4. Nxe5 Nxe5 5. d4 Ng6 6. e5 Ng8 7. Bc4 Bb4 8.
Qf3 Qe7 9. O-O Bxc3 10. bxc3 c6 11. a4 d5 12. exd6 Qxd6 13. Qxf7+ Kd8 14. Ba3
Qf6 15. Rfe1 Qxf7 16. Bxf7 Nf6 17. c4 Bd7 18. Bd6 Ne8 19. Bg3 Rf8 20. Bxg6 hxg6
21. a5 Nc7 22. Rab1 Ne6 23. Be5 Kc8 24. d5 cxd5 25. cxd5 Nf4 26. Rbd1 Bg4 27.
f3 Nxg2 28. fxg4 Nxe1 29. Rxe1 Kd7 30. Bxg7 Rf7 31. Bd4 Re8 32. Rb1 Kd6 33. c4
a6 34. Rb6+ Kc7 35. Rxg6 Re4 36. Bb6+ Kd7 37. c5 Rc4 38. Kg2 Rc3 39. h4 Re7 40.
c6+ bxc6 41. dxc6+ Rxc6 42. Rxc6 Kxc6 43. Kf3 Kd5 44. h5 Rf7+ 45. Kg3 Ke5 46.
Kh4 Kf6 47. Bd4+ Ke6 48. Kg5 Rf1 49. Kg6 Rf4 50. Bf6 Rxg4+ 51. Bg5 Rg3 52. h6
Rh3 53. h7 Rxh7 54. Kxh7 Kd5 55. Bd8 Kc6 56. Kg6 Kb5 57. Kf5 Kc6 58. Ke6 Kb7
59. Kd6 Ka8 60. Kc6 Ka7 61. Kc7 Ka8 62. Kb6 Kb8 63. Bf6 Ka8 64. Bd4 Kb8 65. Kc6
{Time forfeit} 1-0

[Event "Rated Blitz tournament XqNZeBWM"]
[Site "?"]
[Date "2021.03.14"]
[Round "?"]
[White "behzad200"]
[Black "Cellini"]
[Result "0-1"]
[WhiteElo "2247"]
[BlackElo "2456"]
[PlyCount "40"]
[EventDate "2021.??.??"]
[EventType "blitz"]
[TimeControl "300"]

1. e4 e5 2. Nf3 Nc6 3. Nc3 Nf6 4. Nxe5 Nxe5 5. d4 Ng6 6. Bd3 Bb4 7. O-O d6 8.
e5 dxe5 9. dxe5 Bxc3 10. bxc3 Nd5 11. Ba3 Nde7 12. Bxg6 hxg6 13. Qf3 Qd5 14.
Qf4 c5 15. Rad1 Qc6 16. Rd6 Qc7 17. Qe3 b6 18. Rfd1 O-O 19. Qf3 Be6 20. Bc1 Nf5
{Normal} 0-1

[Event "Rated Blitz tournament BgPqVX8B"]
[Site "?"]
[Date "2021.03.14"]
[Round "?"]
[White "PusheenMeow"]
[Black "lau_ocs"]
[Result "1-0"]
[WhiteElo "2393"]
[BlackElo "2400"]
[PlyCount "71"]
[EventDate "2021.??.??"]
[EventType "blitz"]
[TimeControl "300"]

1. e4 e5 2. Nf3 Nc6 3. Nc3 Nf6 4. Nxe5 Nxe5 5. d4 Ng6 6. e5 Ng8 7. Bc4 Bb4 8.
O-O Bxc3 9. bxc3 N8e7 10. f4 d5 11. Bd3 Bf5 12. Bxf5 Nxf5 13. g4 Nfe7 14. f5
Nf8 15. Ba3 Qd7 16. Rb1 O-O-O 17. Qe2 a6 18. Rxb7 Qc6 19. Rfb1 Kd7 20. Bc5 Nc8
21. a4 h5 22. h3 hxg4 23. Qxg4 Ke8 24. Qxg7 Qh6 25. Qxh6 Rxh6 26. Rxc7 Nd7 27.
Ra1 Nxc5 28. Rxc5 Rxh3 29. Rb1 Ne7 30. f6 Nf5 31. Rb7 Kf8 32. Rcc7 Nh6 33. Rd7
Rc8 34. Rbc7 Rxc3 35. Rxc3 Rxc3 36. Rd8# {Normal} 1-0

[Event "Rated Blitz game"]
[Site "?"]
[Date "2021.03.13"]
[Round "?"]
[White "Pepeoutai"]
[Black "sever81"]
[Result "0-1"]
[WhiteElo "2418"]
[BlackElo "2378"]
[PlyCount "100"]
[EventDate "2021.??.??"]
[EventType "blitz"]
[TimeControl "180+2"]

1. e4 e5 2. Nf3 Nc6 3. Nc3 Nf6 4. Nxe5 Nxe5 5. d4 Ng6 6. e5 Ng8 7. Bc4 Bb4 8.
Qf3 Qe7 9. O-O Bxc3 10. bxc3 d5 11. Bxd5 Nh6 12. Bxh6 gxh6 13. Bxb7 Bxb7 14.
Qxb7 O-O 15. f4 f5 16. Rab1 Kh8 17. Qf3 Rg8 18. g3 Rab8 19. c4 Rb4 20. Qd3 Rxb1
21. Rxb1 Nxf4 22. Qxf5 Ne2+ 23. Kg2 Nxd4 24. Qf6+ Qxf6 25. exf6 Rf8 26. Rb7
Rxf6 27. Rxc7 Ra6 28. Rd7 Nxc2 29. c5 Nb4 30. Rd6 Rxa2+ 31. Kh3 Rc2 32. Rd8+
Kg7 33. Rd7+ Kg6 34. Rxa7 Rxc5 35. Rb7 Nd3 36. Rb6+ Kg7 37. Rb7+ Kg8 38. Rb8+
Kg7 39. Rb7+ Kg6 40. Rb6+ Kg5 41. Rb7 Nf2+ 42. Kg2 Ng4 43. h4+ Kg6 44. Rb6+ Nf6
45. Kh3 h5 46. Ra6 Kf5 47. Ra7 Rc3 48. Rf7 Kg6 49. Rf8 Ne4 50. Rg8+ Kf7 {
Time forfeit} 0-1

[Event "Rated Blitz game"]
[Site "?"]
[Date "2021.03.13"]
[Round "?"]
[White "Logan-007"]
[Black "iplayfortnite"]
[Result "0-1"]
[WhiteElo "2569"]
[BlackElo "2613"]
[PlyCount "52"]
[EventDate "2021.??.??"]
[EventType "blitz"]
[TimeControl "180"]

1. e4 e5 2. Nf3 Nc6 3. Nc3 Nf6 4. Nxe5 Nxe5 5. d4 Ng6 6. e5 Ng8 7. Bc4 d6 8.
O-O dxe5 9. Qf3 Be6 10. d5 Bd7 11. d6 Nf6 12. Nd5 cxd6 13. Bg5 Be7 14. Nxf6+
gxf6 15. Bh6 Bc6 16. Qb3 d5 17. Rad1 Qb6 18. Qxb6 axb6 19. Bxd5 Bf8 20. Be3 Bc5
21. Bxc5 bxc5 22. Bxc6+ bxc6 23. Rd6 Rxa2 24. Rxc6 O-O 25. b3 Rxc2 26. Rxf6 Rb8
{Normal} 0-1

[Event "Rated Rapid game"]
[Site "?"]
[Date "2021.03.13"]
[Round "?"]
[White "russiansplashinface"]
[Black "RodgerDodger"]
[Result "1/2-1/2"]
[WhiteElo "2328"]
[BlackElo "2422"]
[PlyCount "85"]
[EventDate "2021.??.??"]
[EventType "rapid"]
[TimeControl "600"]

1. e4 e5 2. Nf3 Nc6 3. Nc3 Nf6 4. Nxe5 Nxe5 5. d4 Nc6 6. d5 Bb4 7. dxc6 bxc6 8.
Qd4 Qe7 9. Bd3 d5 10. e5 c5 11. Bb5+ Kf8 12. Qf4 d4 13. O-O dxc3 14. exf6 Qxf6
15. Qxc7 Be6 16. bxc3 Bxc3 17. Qxc5+ Kg8 18. Bg5 Qe5 19. Qxe5 Bxe5 20. Rae1 Bc3
21. Re3 Bd2 22. Rxe6 Bxg5 23. Re5 Bf6 24. Rc5 g6 25. Rd1 Kg7 26. Rd7 Rhd8 27.
Rcc7 Rxd7 28. Rxd7 Rd8 29. c4 Rxd7 30. Bxd7 Bd4 31. Kf1 Kf6 32. Ke2 Ke7 33. Bb5
Kd6 34. f4 h6 35. g4 f6 36. h4 Bb2 37. a4 Bc1 38. Kf3 g5 39. hxg5 hxg5 40. fxg5
fxg5 41. Ke4 Kc5 42. Kf5 a5 43. Ke5 {Normal} 1/2-1/2

[Event "Rated Blitz tournament vXsI7OcP"]
[Site "?"]
[Date "2021.03.13"]
[Round "?"]
[White "sim13a"]
[Black "Zhigalko_Andrey"]
[Result "0-1"]
[WhiteElo "2350"]
[BlackElo "2600"]
[PlyCount "104"]
[EventDate "2021.??.??"]
[EventType "blitz"]
[TimeControl "300"]

1. e4 e5 2. Nf3 Nc6 3. Nc3 Nf6 4. Nxe5 Nxe5 5. d4 Nc6 6. d5 Bb4 7. dxc6 bxc6 8.
Bd3 O-O 9. O-O Re8 10. Bg5 h6 11. Bh4 g5 12. Bg3 Bxc3 13. bxc3 Nxe4 14. Re1
Nxg3 15. hxg3 Rxe1+ 16. Qxe1 d5 17. c4 Be6 18. c5 Rb8 19. Qe5 Qe7 20. Re1 Qxc5
21. Qf6 Qf8 22. f4 Qg7 23. Qe7 gxf4 24. gxf4 Kh8 25. f5 Rg8 26. Re2 Qd4+ 27.
Kh2 Bxf5 28. Bxf5 Qf4+ 29. Kg1 Qxf5 30. Rf2 Qe6 31. Qxf7 Qxf7 32. Rxf7 Rg7 33.
Rf6 Kh7 34. Rxc6 Rd7 35. Ra6 c5 36. Rc6 c4 37. Kf2 Kg7 38. Ke3 Re7+ 39. Kd4 Re2
40. Kxd5 Rxc2 41. Rc7+ Kg6 42. Rxa7 c3 43. g4 Rd2+ 44. Ke4 c2 45. Rc7 Kg5 46.
Kf3 Rd3+ 47. Ke2 Rh3 48. Rc5+ Kxg4 49. Rxc2 Rh2+ 50. Kd3 Rh3+ 51. Kc4 Rf3 52.
Rc3 Rf4+ {Time forfeit} 0-1

[Event "Rated Blitz game"]
[Site "?"]
[Date "2021.03.13"]
[Round "?"]
[White "Ebuhurejra"]
[Black "Corchov"]
[Result "0-1"]
[WhiteElo "2401"]
[BlackElo "2461"]
[PlyCount "90"]
[EventDate "2021.??.??"]
[EventType "blitz"]
[TimeControl "180"]

1. e4 e5 2. Nf3 Nc6 3. Nc3 Nf6 4. Nxe5 Nxe5 5. d4 Ng6 6. e5 Bb4 7. exf6 Qxf6 8.
Be3 O-O 9. Bd3 d5 10. O-O c6 11. Ne2 Bd6 12. Ng3 Nf4 13. Bxf4 Qxf4 14. c3 g6
15. Re1 Bg4 16. Qb3 Rab8 17. h3 Bd7 18. Qc2 Kg7 19. Re3 h5 20. Rae1 h4 21. Nf1
Qf6 22. Be2 Bf4 23. Rf3 Qg5 24. Bd3 Rbe8 25. Rxe8 Rxe8 26. Qd1 b6 27. Be2 Bf5
28. Bd3 Be4 29. Bxe4 dxe4 30. Rxf4 Qxf4 31. Ne3 Rd8 32. Qa4 Qc7 33. Qc2 Qe7 34.
Qa4 c5 35. d5 Rd7 36. c4 Qe5 37. Qc2 f5 38. a3 Qd4 39. b3 Re7 40. a4 f4 41. Ng4
e3 42. fxe3 fxe3 43. Qe2 Qd2 44. Qf3 Qe1+ 45. Kh2 Qg3+ {Normal} 0-1

[Event "Rated Blitz game"]
[Site "?"]
[Date "2021.03.13"]
[Round "?"]
[White "Tanatov_2006"]
[Black "Buffy7"]
[Result "1/2-1/2"]
[WhiteElo "2437"]
[BlackElo "2669"]
[PlyCount "107"]
[EventDate "2021.??.??"]
[EventType "blitz"]
[TimeControl "180"]

1. e4 Nc6 2. Nc3 e5 3. Nf3 Nf6 4. Nxe5 Nxe5 5. d4 Nc6 6. e5 Bb4 7. exf6 Qxf6 8.
Be3 O-O 9. Be2 d5 10. O-O Bxc3 11. bxc3 Be6 12. Rb1 b6 13. Bd3 Bf5 14. Qf3 Bxd3
15. Qxf6 gxf6 16. cxd3 Rfe8 17. Rfe1 Nd8 18. Bf4 Ne6 19. Bg3 Rac8 20. Rb5 c6
21. Rb3 c5 22. dxc5 Rxc5 23. h4 h5 24. Ra3 a5 25. Rb1 Rec8 26. Rxb6 Rxc3 27.
Rxa5 Rxd3 28. Rd6 Rc1+ 29. Kh2 Rdd1 30. Kh3 Rh1+ 31. Bh2 Nf4+ 32. Kg3 Ne2+ 33.
Kh3 Ng1+ 34. Kg3 Rc4 35. Bxg1 Rxg1 36. Kf3 Rc3+ 37. Ke2 Rxg2 38. Rxf6 d4 39.
Rxh5 Rc2+ 40. Kd3 Rcxf2 41. Rxf2 Rxf2 42. a4 Ra2 43. a5 Ra4 44. Rf5 Kg7 45. h5
Kh6 46. Rd5 f6 47. Ke4 Kg7 48. Kf5 Kh6 49. Kxf6 d3 50. Rd8 Kh7 51. Rd7+ Kh6 52.
Rd8 Kxh5 53. Rxd3 Rxa5 54. Ke6 {Normal} 1/2-1/2

[Event "Rated Blitz tournament T9n0ithQ"]
[Site "?"]
[Date "2021.03.12"]
[Round "?"]
[White "etecsa"]
[Black "Proteuo"]
[Result "1/2-1/2"]
[WhiteElo "2455"]
[BlackElo "2382"]
[PlyCount "34"]
[EventDate "2021.??.??"]
[EventType "blitz"]
[TimeControl "180"]

1. e4 e5 2. Nf3 Nc6 3. Nc3 Nf6 4. Nxe5 Nxe5 5. d4 Ng6 6. e5 Bb4 7. exf6 Qxf6 8.
Be3 O-O 9. Bd3 Nf4 10. Bxf4 Qxf4 11. O-O Bxc3 12. bxc3 d5 13. Qh5 f5 14. Rae1
g6 15. Qe2 Qg5 16. c4 f4 17. cxd5 f3 {Normal} 1/2-1/2